الرسالة الحجة لأئمة المسلمين : (رقم التسجيلة. 150842)

تفاصيل مارك
000 -LEADER
fixed length control field 01434nam a2200289 a 4500
003 - CONTROL NUMBER IDENTIFIER
control field EG-GiCUC
008 - FIXED-LENGTH DATA ELEMENTS--GENERAL INFORMATION
fixed length control field 181017s2008 mk g 000 0 ara d
040 ## - CATALOGING SOURCE
Original cataloging agency EG-GiCUC
Language of cataloging ara
Transcribing agency EG-GiCUC
050 #4 - LIBRARY OF CONGRESS CALL NUMBER
Classification number BP166 K
Item number K35 2008
092 04 - LOCALLY ASSIGNED DEWEY CALL NUMBER (OCLC)
Classification number 258.91
Item number A992
Edition number 21
099 ## - LOCAL FREE-TEXT CALL NUMBER (OCLC)
Classification number 04
-- 258.91 A992
100 1# - MAIN ENTRY--PERSONAL NAME
Personal name الازدى : الربيع بن حبيب :
Dates associated with a name اشتهر فى ق 8
245 12 - TITLE STATEMENT
Title الرسالة الحجة لأئمة المسلمين :
Remainder of title الربيع بن حبيب ومخلد بن العمرد ووائل فى مسائل اجتهادية وفتنة النكار/
Statement of responsibility, etc. دراسة وتحقيق بابزيز سليمان بن ابراهيم الوارجلانى
260 ## - PUBLICATION, DISTRIBUTION, ETC.
Place of publication, distribution, etc. عمان : سلطنة عمان :
Name of publisher, distributor, etc. وزراة التراث القومى و الثقافة :
Date of publication, distribution, etc. 2008
300 ## - PHYSICAL DESCRIPTION
Extent ؛111ص
Dimensions 24سم
504 ## - BIBLIOGRAPHY, ETC. NOTE
Bibliography, etc. note يشتمل على ارجاعات ببليوجرافية(ص104-109)
650 #7 - SUBJECT ADDED ENTRY--TOPICAL TERM
Topical term or geographic name entry element الاباضية (الخوارج)
Source of heading or term qrmak
650 #7 - SUBJECT ADDED ENTRY--TOPICAL TERM
Topical term or geographic name entry element الخوارج
Source of heading or term qrmak
650 #7 - SUBJECT ADDED ENTRY--TOPICAL TERM
Topical term or geographic name entry element الفرق الاسلامية
Source of heading or term qrmak
700 1# - ADDED ENTRY--PERSONAL NAME
Personal name الغسانى : مخلد بن العمرد :
Dates associated with a name 8اشتهر فى ق
700 1# - ADDED ENTRY--PERSONAL NAME
Personal name الوارجلانى : سليمان بن ابراهيم بابزيز
700 1# - ADDED ENTRY--PERSONAL NAME
Personal name وائل بن ايوب :
Dates associated with a name 8اشتهر فى ق
902 ## - LOCAL DATA ELEMENT B, LDB (RLIN)
No. of Items 1
905 ## - LOCAL DATA ELEMENT E, LDE (RLIN)
Cataloger جيهان شعراوى
Reviser مدخل
942 ## - ADDED ENTRY ELEMENTS (KOHA)
Source of classification or shelving scheme Dewey Decimal Classification
Koha item type Books
المقتنيات
Source of classification or shelving scheme Not for loan Home library Current library Date acquired Full call number Barcode Date last seen Copy number Koha item type
Dewey Decimal Classification   المكتبة المركزبة الجديدة - جامعة القاهرة قاعة الثقاقات الاجنبية - الدور الثالث 11.02.2024 258.91 A992 L.C 01000100149633000 05.07.2024 C.1 Books
Cairo University Libraries Portal Implemented & Customized by: Eng. M. Mohamady Contacts: new-lib@cl.cu.edu.eg | cnul@cl.cu.edu.eg
CUCL logo CNUL logo
© All rights reserved — Cairo University Libraries
CUCL logo
Implemented & Customized by: Eng. M. Mohamady Contact: new-lib@cl.cu.edu.eg © All rights reserved — New Central Library
CNUL logo
Implemented & Customized by: Eng. M. Mohamady Contact: cnul@cl.cu.edu.eg © All rights reserved — Cairo National University Library